000 00776nam2a22002531 4500
001 RU\NLR\INFOCOMM15\5000226986
005 20250617114048.0
035 _a(NLR Aleph) 002579340
090 _a3261130
_c3261130
100 _a20041020d1978 |||y0rusy50 ca
101 0 _arus
_aeng
102 _aRU
105 _ay ||||000|y
200 1 _aColour lattices and spin translation groupp General case
_fM. Kucab
210 _d1978
_aБ. м.
461 0 _1001RU\NLR\INFOCOMM15\1000176112
_12001#$aИздания$fОбъедин. ин-т ядерных исследований$vЕ17-11920
700 1 _aKucab
_bM.
_4070
801 1 _aRU
_bInfoComm
_c20041119
801 0 _aRU
_bNLR
_gPSBO
852 _aNLR
_jП11/2061
942 _cISSUE
980 _aNB
980 _aRUSPER